000 00687nam a22002417a 4500
001 BR8602470
003 BR-BrBNA
005 20230928092253.0
007 ta
008 230509b bl.||||| |||| 00| 0 por d
040 _aBR-BrBNA
_bpor
_cBiblioteca Nacional de Agricultura
041 _a(Por)
072 _aE80
090 _ E80 BR8602470
100 1 _aPaiva, A.A.
245 1 _aLiquidificador manual
_bApresentado no 3. Concurso Nacional de Tecnologias Apropriadas - Saude e Nutricao
260 3 _aBrasilia, DF (Brasil):
_c1985.
300 _a7 p.
650 _aTECNOLOGIA APROPRIADA
650 _aEQUIPAMENTO DOMESTICO
909 _a202309
_bLucia
_c55
_dLucia Elande
942 _cBK
999 _c38034
_d38034